000 01892cam a22004454i 4500
003 PE-LiUPU
005 20250731165411.0
008 151022s2011 pe grm 000 0 spa d
035 _a(Sirsi) a155043
040 _aPE-LiUPU
_bspa
_cPE-LiUPU
_erda
099 _aTEF 2
_bR47 2011
100 1 _aReynoso Aliaga, Aida Hermelinda
_autor
245 1 _a"Calidad del cuidado enfermero en los pacientes geriátricos con úlceras por presión y en riesgo de presentar ulceras por presión en la Clínica Geriátrica San Isidro Labrador" /
_cAida Hermelinda Reynoso Aliaga.
264 0 _c2011.
300 _a90 hojas
_c30 cm
336 _atext
_2rdacontent
337 _aunmediated
_2rdamedia
338 _avolume
_2rdacarrier
502 _aTesis
_b(Lic.) --
_cUniversidad Peruana Unión,
_d2011.
504 _aIncluye referencias
520 3 _aLa presente investigación tiene como objetivo mejorar la calidad del cuidado enfermero en el adulto mayor hospitalizado. El presente estudio descriptivo, prospectivo y de corte transversal, pretende describir aspectos relacionados con el cuidado enfermero y el imparto que este genera en los pacientes. Para la recolección de la información se utilizaron tres instrumentos, una encuesta a los pacientes para medir el impacto, el test de autoevaluación y la entrevista a las enfermeras.
526 _aSEG44
526 _aSEG26
526 _aP151
526 _aP150
526 _aP149
526 _aP146
526 _aP145
526 _aP126
526 _aP125
526 _aP92
526 _aP75
526 _aP74
526 _aP27
526 _aP15
650 0 4 _aPacientes geriátricos
_xCuidados de enfermería.
596 _a1
942 _2ddc
_cTESIS
999 _aTEF 2 R47 2011
_wALPHANUM
_c7734
_iT01252
_lCCODEBUL3
_mBUL
_r1
_sY
_tTESIS
_u2015-10-22
_xSALUD
_PP22
_o.STAFF. Tesis
_d7734
980 _81
_gALBERTO SANCHEZ Responsable de Automatización